00382pab a2200133 454500008004000000100002100040245007300061260000900134300001200143362001200155650004300167650002200210773001600232180718b1997 xxu||||| |||| 00| 0 eng d aRamachandran, K. aA micro focus on income and employment generation of social forestry c1997 ap.85-86 aJan-Feb aForest management - India - Tamil Nadu aForest management aKurukshetra